000 00591nam a22002057a 4500
005 20251108173707.0
008 250721s2007 xx 000 0 ara d
082 1 4 _a415.2/حاف
100 1 _aالحافظ، ياسين
245 1 0 _aالتحليل الصرفي /
264 1 _aدمشق :
_bدار العصماء،
_c2007.
300 _a255ص.
650 1 7 _aاللغه العربيه
650 1 7 _aقواعد اللغه
650 1 7 _aعلم الصرف
650 1 7 _aالتحليل الصرفي
700 1 _aسلطاني، محمد علي
942 _2ddc
_cBK
999 _c110126
_d110126